| 000 | 01429nam a2200349 a 4500 | ||
|---|---|---|---|
| 001 | ebr10231221 | ||
| 003 | CaPaEBR | ||
| 006 | m u | ||
| 007 | cr cn||||||||| | ||
| 008 | 721004s1947 mnuab sb 001 0 eng d | ||
| 010 | _z 47001789 | ||
| 020 | _z9780816600441 | ||
| 020 | _z9780816663460 | ||
| 040 |
_aCaPaEBR _cCaPaEBR |
||
| 035 | _a(OCoLC)233536363 | ||
| 043 |
_an-us--- _au-at--- |
||
| 050 | 1 | 4 |
_aE183.8.A8 _bL4 1947eb |
| 082 | 0 | 4 | _a327.730994 |
| 100 | 1 |
_aLevi, Werner, _d1912-2005. |
|
| 245 | 1 | 0 |
_aAmerican-Australian relations _h[electronic resource] / _cby Werner Levi ... |
| 260 |
_aMinneapolis : _bUniversity of Minnesota Press ; _aLondon : _bG. Cumberlege, Oxford University Press, _c1947. |
||
| 300 |
_a184 p. : _bill., map. |
||
| 504 | _aIncludes bibliographical references (p. 174-180) and index. | ||
| 533 |
_aElectronic reproduction. _bPalo Alto, Calif. : _cebrary, _d2013. _nAvailable via World Wide Web. _nAccess may be limited to ebrary affiliated libraries. |
||
| 651 | 0 |
_aUnited States _xForeign relations _zAustralia. |
|
| 651 | 0 |
_aAustralia _xForeign relations _zUnited States. |
|
| 651 | 0 |
_aUnited States _xRelations _zAustralia. |
|
| 651 | 0 |
_aAustralia _xRelations _zUnited States. |
|
| 655 | 7 |
_aElectronic books. _2local |
|
| 710 | 2 | _aebrary, Inc. | |
| 856 | 4 | 0 |
_uhttp://site.ebrary.com/lib/rucke/Doc?id=10231221 _zAn electronic book accessible through the World Wide Web; click to view |
| 999 |
_c39610 _d39610 |
||